[Event "DEM U18 2013"]
[Site "Oberhof GER"]
[Date "2013.05.19"]
[Round "1"]
[White "Carow, Johannes"]
[Black "Grigorian, Spartak"]
[Result "1-0"]
[Termination "normal"]
[Board "1"]
[WhiteElo "2352"]
[BlackElo "2131"]
[PlyCount "65"]
[WhiteFideId "24692050"]
[BlackFideId "24661490"]
[EventCountry "GER"]
[EventRounds "9"]
[EventType "swiss"]
[EventDate "2013.05.18"]

1. d4 Nf6 2. c4 e6 3. Nc3 Bb4 4. a3 Bxc3+ 5. bxc3 c5 6. e3 Nc6 7. Bd3 O-O 8.
Ne2 b6 9. O-O Ba6 10. e4 Ne8 11. f4 f5 12. exf5 exf5 13. dxc5 bxc5 14. Ng3 g6
15. Be3 d6 16. Bxf5 gxf5 17. Qd5+ Rf7 18. Qxc6 Bxc4 19. Rfe1 Qc8 20. Qf3 Rb8
21. Rad1 Rbb7 22. Bf2 Rbe7 23. Qh5 Be6 24. Re3 Rg7 25. Rde1 Nf6 26. Qd1 Qd7 27.
Rd3 Qb7 28. Rxd6 Bd5 29. Rxf6 Rxe1+ 30. Qxe1 Re7 31. Qd1 Bxg2 32. Qd8+ Kg7 33.
Nh5# 1-0

[Event "DEM U18 2013"]
[Site "Oberhof GER"]
[Date "2013.05.19"]
[Round "1"]
[White "Hacker, Jonas"]
[Black "Noe, Christopher"]
[Result "0-1"]
[Termination "normal"]
[Board "2"]
[WhiteElo "1965"]
[BlackElo "2231"]
[PlyCount "72"]
[WhiteFideId "1270968"]
[BlackFideId "24692018"]
[EventCountry "GER"]
[EventRounds "9"]
[EventType "swiss"]
[EventDate "2013.05.18"]

1. e4 e5 2. Nf3 Nc6 3. Bb5 a6 4. Ba4 Nf6 5. d3 b5 6. Bb3 Be7 7. c3 d5 8. exd5
Nxd5 9. h3 O-O 10. O-O Re8 11. Re1 Bf6 12. Nbd2 Nf4 13. Ne4 Nxd3 14. Nxf6+ gxf6
15. Re3 Nxc1 16. Qxc1 Kh8 17. Bxf7 Re7 18. Bb3 Rg7 19. Kh2 Na5 20. Bc2 Nc4 21.
Re1 Nd6 22. Qh6 Bb7 23. Nh4 f5 24. g3 Qf8 25. Rad1 Re8 26. Qh5 f4 27. g4 e4 28.
Re2 f3 29. Re3 Qf4+ 30. Kh1 Re5 31. Nf5 Rg5 32. Rxd6 cxd6 33. Qf7 Rgxf5 34.
gxf5 Qh6 35. Kh2 Bd5 36. Qd7 Qg5 0-1

[Event "DEM U18 2013"]
[Site "Oberhof GER"]
[Date "2013.05.19"]
[Round "1"]
[White "Neef, Maximilian"]
[Black "Neumair, Jerome"]
[Result "1-0"]
[Termination "normal"]
[Board "3"]
[WhiteElo "2243"]
[BlackElo "2098"]
[PlyCount "73"]
[WhiteFideId "24692085"]
[BlackFideId "24672637"]
[EventCountry "GER"]
[EventRounds "9"]
[EventType "swiss"]
[EventDate "2013.05.18"]

1. Nf3 Nf6 2. c4 g6 3. Nc3 d5 4. cxd5 Nxd5 5. g3 Bg7 6. Bg2 O-O 7. h4 h6 8. O-O
c5 9. d3 Nc6 10. Bd2 Be6 11. Qc1 Nxc3 12. bxc3 Kh7 13. Qa3 Rc8 14. Rfe1 Qa5 15.
Qb2 Qa6 16. Qc2 Ne5 17. Nxe5 Bxe5 18. h5 Bg7 19. Be4 f5 20. hxg6+ Kxg6 21. Bf3
Rcd8 22. Kg2 Bd5 23. Bxd5 Rxd5 24. Rh1 Rd6 25. Rh4 Qc6+ 26. f3 e5 27. Rah1 Kh7
28. Be3 Rg6 29. Kf2 b6 30. R1h3 Qe6 31. Qb3 Qd6 32. Qa4 a5 33. Qc4 Qd7 34. a4
Qe6 35. Bxh6 Bxh6 36. Rxh6+ Kg7 37. Qxe6 1-0

[Event "DEM U18 2013"]
[Site "Oberhof GER"]
[Date "2013.05.19"]
[Round "1"]
[White "Mundorf, Johannes"]
[Black "Müller, Nick"]
[Result "0-1"]
[Termination "normal"]
[Board "5"]
[WhiteElo "2216"]
[BlackElo "2082"]
[PlyCount "80"]
[WhiteFideId "24672491"]
[BlackFideId "24692093"]
[EventCountry "GER"]
[EventRounds "9"]
[EventType "swiss"]
[EventDate "2013.05.18"]

1. Nf3 d5 2. g3 Nf6 3. Bg2 c6 4. O-O Bg4 5. d3 Nbd7 6. c4 e6 7. cxd5 cxd5 8.
Nc3 Bc5 9. h3 Bxf3 10. Bxf3 O-O 11. e4 Ne5 12. Be2 dxe4 13. dxe4 Nc6 14. Kg2
Qe7 15. Bg5 h6 16. Bf4 Rfd8 17. Qc1 Nd4 18. e5 Nxe2 19. Nxe2 Nd5 20. Qc4 Rac8
21. Qe4 Bb6 22. Rac1 Qb4 23. Qb1 g5 24. a3 Qb5 25. Bxg5 hxg5 26. Qe4 Ne7 27.
Qxb7 Qd5+ 28. Qxd5 Rxd5 29. Rxc8+ Nxc8 30. f4 Rd2 31. Kf3 gxf4 32. Nxf4 Ne7 33.
h4 Rxb2 34. Nh5 Nd5 35. Rc1 Rb3+ 36. Kg4 Rxa3 37. Nf6+ Nxf6+ 38. exf6 Rd3 39.
Rc6 Kh7 40. Kh5 Rd5+ 0-1

[Event "DEM U18 2013"]
[Site "Oberhof GER"]
[Date "2013.05.19"]
[Round "1"]
[White "Perestjuk, Marko"]
[Black "Göbel, Constantin"]
[Result "1-0"]
[Termination "normal"]
[Board "6"]
[WhiteElo "2025"]
[BlackElo "2245"]
[PlyCount "73"]
[WhiteFideId "1270254"]
[BlackFideId "24647071"]
[EventCountry "GER"]
[EventRounds "9"]
[EventType "swiss"]
[EventDate "2013.05.18"]

1. e4 c5 2. Nf3 Nc6 3. Nc3 e5 4. Bc4 g6 5. d3 h6 6. Nd2 Bg7 7. Nf1 Nge7 8. h4
d6 9. h5 g5 10. Ne3 f5 11. Bd2 f4 12. Ned5 Nxd5 13. Nxd5 Bd7 14. b4 cxb4 15.
Nxb4 Rf8 16. Nd5 f3 17. g3 Rc8 18. Rb1 b6 19. Bb4 Nxb4 20. Rxb4 Rc5 21. Qb1 Qb8
22. Bb5 Qc8 23. Bxd7+ Qxd7 24. c4 Bf6 25. a4 Bd8 26. Rb5 a6 27. Rb4 b5 28. Kd1
bxc4 29. dxc4 a5 30. Rb5 Rxc4 31. Kd2 Rd4+ 32. Ke3 g4 33. Rb8 Qa7 34. Qb5+ Qd7
35. Rxd8+ Kxd8 36. Qb8+ Qc8 37. Qxd6+ 1-0

[Event "DEM U18 2013"]
[Site "Oberhof GER"]
[Date "2013.05.19"]
[Round "1"]
[White "Friedrich, Wiede"]
[Black "Hebbering, Tom Elliot"]
[Result "1-0"]
[Termination "normal"]
[Board "7"]
[WhiteElo "2260"]
[BlackElo "2002"]
[PlyCount "43"]
[WhiteFideId "24629537"]
[BlackFideId "12901750"]
[EventCountry "GER"]
[EventRounds "9"]
[EventType "swiss"]
[EventDate "2013.05.18"]

1. d4 d5 2. Nf3 Nf6 3. Bf4 c5 4. e3 Qb6 5. Qc1 cxd4 6. exd4 Nc6 7. Nc3 Bd7 8.
Be2 a6 9. O-O Nxd4 10. Nxd4 Qxd4 11. Rd1 Qc5 12. Be3 Qa5 13. b4 Qc7 14. Nxd5
Nxd5 15. Rxd5 e6 16. Bf4 Qc8 17. Rg5 Bc6 18. Qb2 Qd7 19. Rd1 Qe7 20. Rxg7 Qxb4
21. Bh5 Bxg7 22. Qxb4 1-0

[Event "DEM U18 2013"]
[Site "Oberhof GER"]
[Date "2013.05.19"]
[Round "1"]
[White "Ehret, Thomas"]
[Black "Moritz, Aron"]
[Result "0-1"]
[Termination "normal"]
[Board "8"]
[WhiteElo "2030"]
[BlackElo "2192"]
[PlyCount "86"]
[WhiteFideId "12939587"]
[BlackFideId "24672319"]
[EventCountry "GER"]
[EventRounds "9"]
[EventType "swiss"]
[EventDate "2013.05.18"]

1. e4 c5 2. Nf3 d6 3. Bb5+ Bd7 4. Bxd7+ Nxd7 5. O-O Ngf6 6. Re1 e6 7. c4 Be7 8.
Nc3 O-O 9. d4 cxd4 10. Nxd4 a6 11. b3 Qa5 12. Bb2 Rfc8 13. Qd2 Rab8 14. Rad1
Qh5 15. Re3 b5 16. cxb5 axb5 17. Qe2 b4 18. Na4 Qa5 19. Rc1 Nc5 20. Nxc5 dxc5
21. Nf3 Ng4 22. Rd3 c4 23. bxc4 Qxa2 24. Rd2 Qa6 25. Ne5 Nxe5 26. Bxe5 Rb5 27.
Bb2 Rbc5 28. Rdc2 e5 29. Qd2 Qb7 30. f3 h6 31. Qe2 Qc6 32. Rd1 f6 33. Rdc1 Bd8
34. Qd3 Ba5 35. Ba1 Qa4 36. Rb1 Rd8 37. Qe2 b3 38. Rcc1 Rd2 39. Qe3 Rxc4 40.
Bc3 Bxc3 41. Rxc3 Qa2 42. Rcxb3 Rxg2+ 43. Kf1 Rcc2 0-1

[Event "DEM U18 2013"]
[Site "Oberhof GER"]
[Date "2013.05.19"]
[Round "1"]
[White "Powierski, Emil"]
[Black "Ispirjan, Mikael"]
[Result "1-0"]
[Termination "normal"]
[Board "9"]
[WhiteElo "2178"]
[BlackElo "1942"]
[PlyCount "65"]
[WhiteFideId "4656199"]
[BlackFideId "1271217"]
[EventCountry "GER"]
[EventRounds "9"]
[EventType "swiss"]
[EventDate "2013.05.18"]

1. e4 c6 2. d4 d5 3. e5 Bf5 4. Nf3 e6 5. Be2 c5 6. Be3 Qb6 7. Nc3 a6 8. O-O Nd7
9. Na4 Qc7 10. c4 dxc4 11. dxc5 Nxc5 12. Bxc4 Rd8 13. Nd4 b5 14. Nxc5 Bxc5 15.
Nxb5 Qxe5 16. Qa4 Bxe3 17. Nd4+ Rd7 18. Nxf5 Bf4 19. Rad1 Bxh2+ 20. Kh1 Nf6 21.
Nxg7+ Ke7 22. Qb4+ Rd6 23. Bxe6 fxe6 24. Rfe1 Qf4 25. Qb7+ Rd7 26. Rxd7+ Nxd7
27. Rxe6+ Kd8 28. Rc6 Qe5 29. Qc8+ Ke7 30. Qxh8 Qe1+ 31. Kxh2 Qe5+ 32. g3 Nf6
33. Re6+ 1-0

[Event "DEM U18 2013"]
[Site "Oberhof GER"]
[Date "2013.05.19"]
[Round "1"]
[White "Holle, Cedric"]
[Black "Rührmund, Daniel"]
[Result "0-1"]
[Termination "normal"]
[Board "10"]
[WhiteElo "1890"]
[BlackElo "2106"]
[PlyCount "61"]
[WhiteFideId "24692158"]
[BlackFideId "24674583"]
[EventCountry "GER"]
[EventRounds "9"]
[EventType "swiss"]
[EventDate "2013.05.18"]

1. e4 c5 2. Nf3 e6 3. d4 cxd4 4. Nxd4 a6 5. Bd3 Bc5 6. Nb3 Ba7 7. c4 d6 8. Qe2
Nc6 9. Be3 Nf6 10. Bxa7 Rxa7 11. Qe3 b6 12. Nc3 O-O 13. O-O Nb4 14. Rfd1 Rd7
15. Rac1 d5 16. cxd5 exd5 17. Bb1 Re8 18. Qf4 dxe4 19. Rxd7 Qxd7 20. Nxe4 Nxe4
21. Bxe4 Nxa2 22. Re1 g6 23. h4 Nb4 24. Re3 a5 25. Kh2 Rd8 26. Rf3 Qd6 27. Kg3
Be6 28. Nc1 Qxf4+ 29. Kxf4 f5 30. Bd3 Kf7 31. Re3 0-1

[Event "DEM U18 2013"]
[Site "Oberhof GER"]
[Date "2013.05.19"]
[Round "1"]
[White "Miller, Eduard"]
[Black "Giraud, Valerian"]
[Result "1-0"]
[Termination "normal"]
[Board "11"]
[WhiteElo "2137"]
[BlackElo "1977"]
[PlyCount "85"]
[WhiteFideId "24687022"]
[BlackFideId "12920355"]
[EventCountry "GER"]
[EventRounds "9"]
[EventType "swiss"]
[EventDate "2013.05.18"]

1. e4 e6 2. d3 d5 3. Nd2 Nf6 4. Ngf3 Nc6 5. c3 Bd6 6. b4 O-O 7. Be2 e5 8. O-O
Re8 9. Re1 Ne7 10. Bf1 c6 11. Bb2 Ng6 12. Qc2 Qb6 13. a3 a5 14. Rab1 h6 15.
exd5 cxd5 16. c4 axb4 17. axb4 Qd8 18. c5 Bc7 19. g3 Bf5 20. Bg2 Qd7 21. b5
Rad8 22. Ba3 e4 23. Nd4 exd3 24. Qb2 Ne4 25. c6 bxc6 26. bxc6 Qc8 27. N2f3 Ne5
28. Qb3 Ng4 29. Rf1 Bh7 30. Bb2 Nc5 31. Qb4 Bd6 32. Rbc1 Ne4 33. Qb3 Bc5 34. h3
Ngf6 35. Rfd1 Nd6 36. Rxc5 Nc4 37. Rxc4 dxc4 38. Qxc4 Ne4 39. Ne1 Nd6 40. Qb3
d2 41. Nef3 Qc7 42. Nxd2 Rb8 43. Qc3 1-0

[Event "DEM U18 2013"]
[Site "Oberhof GER"]
[Date "2013.05.19"]
[Round "1"]
[White "Stanau, Guido"]
[Black "Möhn, Hans"]
[Result "1/2-1/2"]
[Termination "normal"]
[Board "12"]
[WhiteElo "2055"]
[BlackElo "2160"]
[PlyCount "92"]
[WhiteFideId "24692255"]
[BlackFideId "24647837"]
[EventCountry "GER"]
[EventRounds "9"]
[EventType "swiss"]
[EventDate "2013.05.18"]

1. d4 Nf6 2. Nf3 e6 3. c4 Bb4+ 4. Bd2 Qe7 5. g3 Nc6 6. Bg2 O-O 7. O-O Bxd2 8.
Qxd2 d6 9. Nc3 e5 10. Nd5 Qd8 11. Rac1 h6 12. dxe5 dxe5 13. Rfd1 Bg4 14. Qe3
Nd7 15. Nc3 Qc8 16. h3 Bf5 17. b3 Re8 18. g4 Be6 19. Ne4 Nf8 20. Nh4 Rb8 21.
Ng3 a5 22. Be4 Nd4 23. Kh2 Qd8 24. Nhf5 Bxf5 25. gxf5 Qh4 26. Rg1 Nh7 27. Nf1
Nf6 28. Nd2 Qf4+ 29. Rg3 Rbd8 30. Re1 Nc2 31. Bxc2 Rxd2 32. Bb1 Kh8 33. Kh1
Qxe3 34. Rxe3 c6 35. Kg2 Nh5 36. Kf3 Nf4 37. h4 Kg8 38. Rc3 Kf8 39. e3 Nh5 40.
Bc2 Red8 41. Re2 Nf6 42. Rxd2 Rxd2 43. a3 c5 44. Bb1 Rd1 45. Be4 Ra1 46. b4
cxb4 1/2-1/2

[Event "DEM U18 2013"]
[Site "Oberhof GER"]
[Date "2013.05.19"]
[Round "1"]
[White "Sieber, Martin"]
[Black "Gibicar, Danijel"]
[Result "0-1"]
[Termination "normal"]
[Board "14"]
[WhiteElo "1865"]
[BlackElo "2134"]
[PlyCount "126"]
[WhiteFideId "4649060"]
[BlackFideId "24660256"]
[EventCountry "GER"]
[EventRounds "9"]
[EventType "swiss"]
[EventDate "2013.05.18"]

1. e4 e6 2. d4 d5 3. Nd2 a6 4. c3 c5 5. exd5 exd5 6. Bd3 Nf6 7. Ne2 Bd6 8. dxc5
Bxc5 9. O-O h6 10. Nb3 Bd6 11. Bf4 O-O 12. Bxd6 Qxd6 13. Ng3 Nc6 14. Re1 Ne5
15. Bf5 Ng6 16. Bxg6 fxg6 17. Ne4 Nxe4 18. Rxe4 Be6 19. Re3 Rae8 20. Qd4 Bf7
21. Rae1 Qc6 22. Nc5 Rxe3 23. Rxe3 Re8 24. Rxe8+ Qxe8 25. Qd2 Qb5 26. Nb3 Qa4
27. Nc1 Qe4 28. Nd3 d4 29. f3 dxc3 30. bxc3 Qc4 31. a3 Qd5 32. Qc2 g5 33. Nf2
Qc5 34. a4 Qe3 35. h3 Be8 36. Qb3+ Kh7 37. Qb1+ Bg6 38. Qa1 Qc5 39. Qb2 Qe7 40.
Kf1 Qd7 41. Ke2 Qxa4 42. Qxb7 Qc4+ 43. Kd2 Qf1 44. Ne4 Qxg2+ 45. Kc1 Qg1+ 46.
Kb2 Qh2+ 47. Kb3 Qf4 48. Kb4 Qf8+ 49. Ka5 Bf5 50. Qxa6 Qa3+ 51. Kb6 Qxa6+ 52.
Kxa6 Bxh3 53. Kb6 Bg2 54. Nd2 h5 55. Kc5 h4 56. Ne4 Kg6 57. Kd4 Bxf3 58. Nf2
Kf5 59. Ke3 Bc6 60. Ke2 g4 61. Kf1 g3 62. Nd1 h3 63. Ne3+ Kf4 0-1

[Event "DEM U18 2013"]
[Site "Oberhof GER"]
[Date "2013.05.20"]
[Round "3"]
[White "Carow, Johannes"]
[Black "Schreiner, Till"]
[Result "1-0"]
[Termination "normal"]
[Board "1"]
[WhiteElo "2352"]
[BlackElo "2280"]
[PlyCount "79"]
[WhiteFideId "24692050"]
[BlackFideId "24675555"]
[EventCountry "GER"]
[EventRounds "9"]
[EventType "swiss"]
[EventDate "2013.05.18"]

1. d4 Nf6 2. c4 g6 3. Nc3 Bg7 4. e4 d6 5. f3 O-O 6. Be3 Nc6 7. Nge2 a6 8. Qd2
Rb8 9. Rb1 b5 10. cxb5 axb5 11. b4 e5 12. d5 Ne7 13. Nc1 Bd7 14. Nb3 c6 15.
dxc6 Bxc6 16. Na5 Ba8 17. Nxb5 d5 18. Bc5 Qd7 19. a4 Rfd8 20. Rd1 Nc6 21. Nxc6
Qxc6 22. Be2 Bf8 23. Bxf8 Kxf8 24. exd5 Rxd5 25. Qh6+ Kg8 26. Rc1 Qb6 27. Bc4
Rd7 28. a5 Qd8 29. Qe3 Nd5 30. Bxd5 Qh4+ 31. g3 Qxb4+ 32. Nc3 Bxd5 33. O-O Qxa5
34. Qxe5 Qc5+ 35. Rf2 Rb2 36. Ne2 Rc2 37. Rxc2 Qxc2 38. Qe8+ Kg7 39. Qxd7 Qd1+
40. Rf1 1-0

[Event "DEM U18 2013"]
[Site "Oberhof GER"]
[Date "2013.05.20"]
[Round "3"]
[White "Neef, Maximilian"]
[Black "Moritz, Aron"]
[Result "1/2-1/2"]
[Termination "normal"]
[Board "2"]
[WhiteElo "2243"]
[BlackElo "2192"]
[PlyCount "62"]
[WhiteFideId "24692085"]
[BlackFideId "24672319"]
[EventCountry "GER"]
[EventRounds "9"]
[EventType "swiss"]
[EventDate "2013.05.18"]

1. d4 Nf6 2. c4 g6 3. Nc3 Bg7 4. e4 d6 5. Nf3 O-O 6. h3 Nbd7 7. Bg5 e5 8. d5 a5
9. Be2 Nc5 10. Nd2 Bd7 11. b3 c6 12. a3 h6 13. Be3 cxd5 14. cxd5 Ne8 15. b4
Nxe4 16. Ndxe4 f5 17. O-O fxe4 18. Nxe4 Bf5 19. Ng3 Nf6 20. Qd2 Kh7 21. Rac1
axb4 22. axb4 Qd7 23. Kh2 Rfc8 24. f3 Rxc1 25. Rxc1 Rc8 26. Rxc8 Qxc8 27. Bd3
Bxd3 28. Qxd3 Qg8 29. Ne4 Nxd5 30. Nxd6 Nxb4 31. Qe4 Nd5 1/2-1/2

[Event "DEM U18 2013"]
[Site "Oberhof GER"]
[Date "2013.05.20"]
[Round "3"]
[White "Möhn, Hans"]
[Black "Noe, Christopher"]
[Result "1/2-1/2"]
[Termination "normal"]
[Board "3"]
[WhiteElo "2160"]
[BlackElo "2231"]
[PlyCount "58"]
[WhiteFideId "24647837"]
[BlackFideId "24692018"]
[EventCountry "GER"]
[EventRounds "9"]
[EventType "swiss"]
[EventDate "2013.05.18"]

1. e4 e5 2. Nf3 Nc6 3. Bb5 a6 4. Ba4 Nf6 5. d3 b5 6. Bb3 Be7 7. O-O d6 8. a4
Bg4 9. c3 Na5 10. Bc2 O-O 11. Nbd2 b4 12. Re1 Rb8 13. Nf1 c5 14. Ne3 bxc3 15.
bxc3 Be6 16. d4 cxd4 17. cxd4 Nb3 18. Bxb3 Bxb3 19. Qd3 d5 20. dxe5 dxe4 21.
Qxd8 Rfxd8 22. Nf5 Bb4 23. exf6 exf3 24. Ne7+ Kh8 25. Bb2 g6 26. Nc6 Bxe1 27.
Nxd8 Bd2 28. Nc6 Rb6 29. Ne5 fxg2 1/2-1/2

[Event "DEM U18 2013"]
[Site "Oberhof GER"]
[Date "2013.05.20"]
[Round "3"]
[White "Friedrich, Wiede"]
[Black "Kügel, Tobias"]
[Result "1/2-1/2"]
[Termination "normal"]
[Board "4"]
[WhiteElo "2260"]
[BlackElo "2067"]
[PlyCount "42"]
[WhiteFideId "24629537"]
[BlackFideId "4636295"]
[EventCountry "GER"]
[EventRounds "9"]
[EventType "swiss"]
[EventDate "2013.05.18"]

1. e4 e5 2. Nf3 Nf6 3. d4 Nxe4 4. Bd3 d5 5. Nxe5 Bd6 6. O-O Nd7 7. Re1 O-O 8.
Bxe4 dxe4 9. Nxd7 Bxd7 10. Rxe4 Bc6 11. Re1 Qh4 12. g3 Qh3 13. d5 Bd7 14. Nc3
Rae8 15. Re4 Rxe4 16. Nxe4 Re8 17. Ng5 Qf5 18. Bd2 Qxd5 19. Qf3 Bc6 20. Qxd5
Bxd5 21. Be3 a5 1/2-1/2

[Event "DEM U18 2013"]
[Site "Oberhof GER"]
[Date "2013.05.20"]
[Round "3"]
[White "Powierski, Emil"]
[Black "Müller, Nick"]
[Result "1/2-1/2"]
[Termination "normal"]
[Board "5"]
[WhiteElo "2178"]
[BlackElo "2082"]
[PlyCount "47"]
[WhiteFideId "4656199"]
[BlackFideId "24692093"]
[EventCountry "GER"]
[EventRounds "9"]
[EventType "swiss"]
[EventDate "2013.05.18"]

1. e4 e5 2. Nf3 Nc6 3. Bb5 a6 4. Ba4 Nf6 5. O-O Be7 6. Re1 b5 7. Bb3 d6 8. c3
O-O 9. h3 Nb8 10. d4 Nbd7 11. Nbd2 Bb7 12. Bc2 Re8 13. a4 Bf8 14. Bd3 c6 15. b3
Qc7 16. Bb2 g6 17. Qc2 Rad8 18. c4 b4 19. c5 exd4 20. Bxd4 dxc5 21. Bb2 Bg7 22.
Nc4 Nh5 23. e5 Nf4 24. Bf1 1/2-1/2

[Event "DEM U18 2013"]
[Site "Oberhof GER"]
[Date "2013.05.20"]
[Round "3"]
[White "Grigorian, Spartak"]
[Black "Göbel, Constantin"]
[Result "0-1"]
[Termination "normal"]
[Board "6"]
[WhiteElo "2131"]
[BlackElo "2245"]
[PlyCount "106"]
[WhiteFideId "24661490"]
[BlackFideId "24647071"]
[EventCountry "GER"]
[EventRounds "9"]
[EventType "swiss"]
[EventDate "2013.05.18"]

1. d4 Nf6 2. c4 e6 3. Nc3 Bb4 4. e3 d5 5. Nf3 O-O 6. Bd3 c5 7. O-O Nc6 8. a3
Bxc3 9. bxc3 Qc7 10. Bb2 dxc4 11. Bxc4 Rd8 12. Qe2 e5 13. Ng5 Rf8 14. f3 a6 15.
a4 exd4 16. cxd4 cxd4 17. Ba3 d3 18. Qa2 b5 19. axb5 axb5 20. Bxb5 Ne5 21. Qb2
Rd8 22. f4 Neg4 23. Bd6 Rxa1 24. Bxc7 Rxf1+ 25. Kxf1 d2 26. Be2 Ba6 27. Qxd2
Rxd2 28. Bxa6 Nxe3+ 29. Ke1 Rxg2 30. h4 Nfd5 31. Bd8 Nxf4 32. Bb6 Nfd5 33. Bb7
Nxb6 34. Bxg2 Nxg2+ 35. Kf2 Nxh4 36. Ne4 Nd5 37. Kg1 f5 38. Nd6 g5 39. Kh1 Kg7
40. Ne8+ Kf7 41. Nd6+ Ke6 42. Nc4 f4 43. Nd2 Kf5 44. Nf1 g4 45. Nd2 g3 46. Nc4
Ne3 47. Nd2 Kg4 48. Kg1 Nf3+ 49. Nxf3 Kxf3 50. Kh1 g2+ 51. Kg1 Nf5 52. Kh2 Kf2
53. Kh3 Ne3 0-1

[Event "DEM U18 2013"]
[Site "Oberhof GER"]
[Date "2013.05.20"]
[Round "3"]
[White "Perestjuk, Marko"]
[Black "Rührmund, Daniel"]
[Result "0-1"]
[Termination "normal"]
[Board "7"]
[WhiteElo "2025"]
[BlackElo "2106"]
[PlyCount "74"]
[WhiteFideId "1270254"]
[BlackFideId "24674583"]
[EventCountry "GER"]
[EventRounds "9"]
[EventType "swiss"]
[EventDate "2013.05.18"]

1. e4 c5 2. Nf3 e6 3. d4 cxd4 4. Nxd4 a6 5. Bd3 Bc5 6. Nb3 Ba7 7. O-O Nc6 8.
Qg4 Nf6 9. Qxg7 Rg8 10. Qh6 Ne5 11. Be2 Rg6 12. Qh4 b5 13. Bg5 Bb7 14. N1d2 h6
15. Bxf6 Rxf6 16. Rad1 Ng6 17. Qxh6 Qc7 18. Qg5 Ke7 19. Bf3 Ne5 20. h4 Rh8 21.
Nc1 Qb8 22. h5 Rg8 23. Qh4 Nxf3+ 24. Nxf3 Qf4 25. Qxf4 Rxf4 26. h6 Rh8 27. Nd3
Rxe4 28. Nde5 d5 29. Nxf7 Kxf7 30. Ng5+ Ke7 31. Nxe4 dxe4 32. Rd2 e3 33. Rd3
exf2+ 34. Kh2 Rxh6+ 35. Rh3 Rxh3+ 36. Kxh3 Be4 37. Rc1 Be3 0-1

[Event "DEM U18 2013"]
[Site "Oberhof GER"]
[Date "2013.05.20"]
[Round "3"]
[White "Miller, Eduard"]
[Black "Neumair, Jerome"]
[Result "1/2-1/2"]
[Termination "normal"]
[Board "8"]
[WhiteElo "2137"]
[BlackElo "2098"]
[PlyCount "104"]
[WhiteFideId "24687022"]
[BlackFideId "24672637"]
[EventCountry "GER"]
[EventRounds "9"]
[EventType "swiss"]
[EventDate "2013.05.18"]

1. e4 e6 2. d3 d5 3. Nd2 Nf6 4. Ngf3 Nc6 5. c3 Bd6 6. Be2 O-O 7. O-O a5 8. Re1
e5 9. Bf1 Re8 10. exd5 Nxd5 11. Nc4 Bg4 12. h3 Bh5 13. g3 Qd7 14. Bg2 Nb6 15.
Nxb6 cxb6 16. Be3 Bc5 17. g4 Bg6 18. d4 exd4 19. cxd4 Bb4 20. Re2 Be4 21. a3
Qd5 22. Rc2 Bd6 23. Rd2 Rad8 24. Ne1 Bb8 25. Bxe4 Rxe4 26. Qf3 Nxd4 27. Rxd4
Rxd4 28. Bxd4 Qxd4 29. Qxb7 Qxb2 30. Rd1 Re8 31. Nf3 h6 32. a4 Qf6 33. Kg2 Qf4
34. Qxb6 Qxa4 35. Rd4 Qa3 36. Qb5 Qe7 37. Qxa5 Qc7 38. Qb5 Rd8 39. Rc4 Qa7 40.
Qf5 Qb7 41. h4 Ba7 42. g5 Qb6 43. Ne5 Qxf2+ 44. Qxf2 Bxf2 45. Kxf2 hxg5 46.
hxg5 f6 47. Nc6 Rd2+ 48. Ke3 Rg2 49. g6 Kf8 50. Kf4 Rxg6 51. Kf5 Rg1 52. Rd4
Rf1+ 1/2-1/2

[Event "DEM U18 2013"]
[Site "Oberhof GER"]
[Date "2013.05.20"]
[Round "3"]
[White "Stanau, Guido"]
[Black "Gibicar, Danijel"]
[Result "1/2-1/2"]
[Termination "normal"]
[Board "9"]
[WhiteElo "2055"]
[BlackElo "2134"]
[PlyCount "50"]
[WhiteFideId "24692255"]
[BlackFideId "24660256"]
[EventCountry "GER"]
[EventRounds "9"]
[EventType "swiss"]
[EventDate "2013.05.18"]

1. d4 Nf6 2. Nf3 g6 3. c4 c5 4. g3 Bg7 5. Bg2 O-O 6. O-O cxd4 7. Nxd4 d5 8.
cxd5 Nxd5 9. Nc3 Nxc3 10. bxc3 Nc6 11. Nxc6 bxc6 12. Qxd8 Rxd8 13. Bxc6 Bxc3
14. Rb1 Bf5 15. Rb3 Rac8 16. Rxc3 Rd6 17. Bb2 Rdxc6 18. Rfc1 Rxc3 19. Rxc3 Rxc3
20. Bxc3 f6 21. f3 e5 22. Kf2 Kf7 23. e4 Be6 24. a3 Bc4 25. Ke3 Ke6 1/2-1/2

[Event "DEM U18 2013"]
[Site "Oberhof GER"]
[Date "2013.05.20"]
[Round "3"]
[White "Stahnecker, Ludwig"]
[Black "Ispirjan, Mikael"]
[Result "1-0"]
[Termination "normal"]
[Board "10"]
[WhiteElo "2109"]
[BlackElo "1942"]
[PlyCount "81"]
[WhiteFideId "24692026"]
[BlackFideId "1271217"]
[EventCountry "GER"]
[EventRounds "9"]
[EventType "swiss"]
[EventDate "2013.05.18"]

1. e4 c6 2. d4 d5 3. exd5 cxd5 4. c4 Nf6 5. Nc3 Nc6 6. Bg5 e6 7. Nf3 Be7 8. c5
O-O 9. Bb5 Bd7 10. O-O a5 11. a3 Qc7 12. Qd3 Rfd8 13. Rfe1 Be8 14. Bh4 Nh5 15.
Bxe7 Qxe7 16. Na4 Nf4 17. Qe3 Qf6 18. Nb6 Rab8 19. g3 Ng6 20. Bxc6 Bxc6 21. b4
axb4 22. axb4 Ne7 23. Ne5 Qf5 24. Ra3 Qc2 25. Nxf7 Rf8 26. Nd6 e5 27. b5 Be8
28. Nxe8 Rbxe8 29. Rc3 Qb2 30. Re2 Qa1+ 31. Re1 Qb2 32. dxe5 Rxf2 33. Qxf2 Qxc3
34. Nd7 d4 35. e6 Nf5 36. Re4 Qc1+ 37. Kg2 Qg5 38. g4 Ne3+ 39. Rxe3 Qxg4+ 40.
Kh1 Ra8 41. Nf6+ 1-0

[Event "DEM U18 2013"]
[Site "Oberhof GER"]
[Date "2013.05.20"]
[Round "3"]
[White "Hacker, Jonas"]
[Black "Giraud, Valerian"]
[Result "1-0"]
[Termination "normal"]
[Board "11"]
[WhiteElo "1965"]
[BlackElo "1977"]
[PlyCount "103"]
[WhiteFideId "1270968"]
[BlackFideId "12920355"]
[EventCountry "GER"]
[EventRounds "9"]
[EventType "swiss"]
[EventDate "2013.05.18"]

1. e4 e6 2. d4 d5 3. Nc3 Bb4 4. e5 c5 5. a3 Bxc3+ 6. bxc3 Ne7 7. Qg4 O-O 8. Bd3
f5 9. exf6 Rxf6 10. Bg5 Rf7 11. Qh5 g6 12. Qd1 Qa5 13. Bd2 c4 14. Be2 Nd7 15.
Nf3 Nf6 16. Ne5 Rf8 17. Bf3 Nf5 18. O-O Nh4 19. g3 Nxf3+ 20. Qxf3 Ne4 21. Qe2
Nxd2 22. Qxd2 Qc7 23. h4 Bd7 24. Kg2 Be8 25. a4 Qg7 26. Rh1 Rc8 27. g4 Rc7 28.
g5 Re7 29. Ng4 Kh8 30. Qe3 Rf5 31. f4 Qf8 32. Rhf1 Qg7 33. Nf6 h5 34. Kg3 Bd7
35. Rfe1 Bc8 36. Qc1 Qf7 37. Qa3 Qf8 38. Qc5 a6 39. Rab1 Rf7 40. Qxf8+ Rxf8 41.
a5 Kg7 42. Rb6 R5xf6 43. gxf6+ Kxf6 44. Kf3 Rf7 45. Re5 Rc7 46. Rxd5 Bd7 47.
Rg5 Kf7 48. Rb1 Kf6 49. Ke3 Be8 50. Rb6 Ke7 51. d5 Kf7 52. d6 1-0

[Event "DEM U18 2013"]
[Site "Oberhof GER"]
[Date "2013.05.20"]
[Round "3"]
[White "Urban, Lars"]
[Black "Hebbering, Tom Elliot"]
[Result "1-0"]
[Termination "normal"]
[Board "12"]
[WhiteElo "2126"]
[BlackElo "2002"]
[PlyCount "55"]
[WhiteFideId "4644034"]
[BlackFideId "12901750"]
[EventCountry "GER"]
[EventRounds "9"]
[EventType "swiss"]
[EventDate "2013.05.18"]

1. d4 d5 2. c4 c6 3. Nc3 Nf6 4. cxd5 cxd5 5. Nf3 Nc6 6. Bf4 Ne4 7. e3 Nxc3 8.
bxc3 g6 9. Bb5 Bg7 10. Ne5 Bd7 11. Nxd7 Qxd7 12. O-O a6 13. Qa4 Rc8 14. Be2 O-O
15. Rab1 Rfd8 16. Kh1 e6 17. Rb6 Na7 18. Qb3 Nb5 19. Bxb5 axb5 20. Rc1 Rc6 21.
Rxb5 Rdc8 22. h3 e5 23. Rxd5 Qe6 24. Bxe5 Bxe5 25. Rxe5 Qxb3 26. axb3 Rxc3 27.
Rxc3 Rxc3 28. Rb5 1-0